| 000 | 00477cam a2200181ua 4500 | ||
|---|---|---|---|
| 001 | 6593 | ||
| 008 | 140213n ii |||gr||||Z||||||eng | ||
| 020 | _a81-7618-133-1 | ||
| 040 | _cMAIN | ||
| 082 | _a519.5 | ||
| 245 |
_aStatistics _cBy B.N. Gupta |
||
| 260 |
_aAgra: _bSahitya bhawan publishers & distributors (p) ltd., _c2001. |
||
| 300 | _aiii,40p. | ||
| 653 | _aProbabilities & applied mathematics | ||
| 653 | _aStatistics | ||
| 700 |
_aGupta,B.N., _eAuthor. |
||
| 942 | _cBK | ||
| 999 |
_c5742 _d5742 |
||